Quelle ville commençant par O? - Statistiques

Statistiques générales
  • Ce quiz a été pris 298 fois
  • Le résultat moyen est 9 sur 15
Statistiques - réponses
Hint Réponse % Correct
Capitale du Canada Ottawa
98%
Jeanne d'Arc en était la pucelle d'après son surnom Orléans
97%
Siège de la plus ancienne université britannique Oxford
95%
Capitale européenne appelée Christiana jusqu'en 1924 Oslo
88%
On y visite le Walt Disney World Resort Orlando
86%
Capitale du Burkina Faso Ouagadougou
79%
Deuxième aire urbaine du Japon Osaka
77%
La "Place Gengis Khan" est située en son centre Oulan-Bator
64%
Port ukrainien sur la mer Noire fondé par Catherine II de Russie Odessa
62%
Cette ville américaine est touchée par un attentat le 19 avril 1995 Oklahoma City
39%
Ville natale d'Yves Saint-Laurent Oran
36%
Capitale de la province des Asturies Oviedo
35%
Le Bay Bridge la relie à San Francisco Oackland
34%
Ville russe traversée par l'Irtych Omsk
15%
Elle est surnommée "La Porte d'Entrée de l'Ouest" Omaha
8%
Aucun quiz correspondant
Distribution des résultats
% des personnes avec chaque résultat
Percentile par nombre de réponses
Votre historique - résultats
Vous n’avez pas pris ce quiz